000 01323nam a2200253Ia 4500
999 _c45011
_d45011
001 11832
003 GE_BSU
005 20240701112503.0
008 181216s2013||||geo|||||||||||||| ||ge ||
020 _a9789941060685
040 _cGE_BSU
041 _ageo
080 _a34(075.8)+342(075.8) მ–86
100 _aმოსულიშვილი, ამირან
_922630
245 _aშესავალი სამართალმცოდნეობაში :
_b [სახელმძღვანელო]. წ. 1,(სახელმწიფოს თეორია) /
_cამირან მოსულიშვილი, მანანა მოსულიშვილი ; [რედ. გივი ლობჟანიძე]
260 _bგეორგიკა
264 _aთბილისი :
_bგეორგიკა,
_c2013,
300 _a600 გვ. ;
_c20 სმ.
504 _aბიბლიოგრაფია ტექსტის შენიშვნებში და გვ. 574-584
653 _aსახელმწიფოს თეორია
653 _aშესავალი სამართალმცოდნეობაში
700 _aლობჟანიძე, გივი
_eრედაქტორი
_922631
942 _cBK
_2udc